First Names of British Prime Ministers - Statistics

General Stats
  • This quiz has been taken 51 times
  • The average score is 61 of 80
Answer Stats
Date of premiership Forename % Correct
2019 - 2022 (Alexander) Boris
100%
1990 - 1997 John
100%
1865 - 1866 John
100%
1846 - 1852 John
100%
1762 - 1763 John
100%
1997 - 2007 Anthony
98%
2007 - 2010 (James) Gordon
98%
1929 - 1935 (James) Ramsay
98%
1924 (James) Ramsay
98%
1976 - 1979 (Leonard) James
98%
1892 - 1894 William
98%
1886 William
98%
1880 - 1885 William
98%
1868 - 1874 William
98%
1807 - 1809 William
98%
1806 - 1807 William
98%
1804 - 1806 William
98%
1783 - 1801 William
98%
1783 William
98%
1782 - 1783 William
98%
1766 - 1768 William
98%
1756 - 1757 William
98%
1951 - 1955 Winston
98%
1940 - 1945 Winston
98%
2010 - 2016 David
95%
1916 - 1922 David
95%
1979 - 1990 Margaret
95%
2022 (Mary) Elizabeth
95%
2016 - 2019 Theresa
95%
1970 - 1974 Edward
90%
1866 - 1868 Edward
90%
1858 - 1859 Edward
90%
1852 Edward
90%
2022 - 2024 Rishi
88%
1955 - 1957 (Robert) Anthony
88%
1937 - 1940 (Arthur) Neville
85%
2024 - present Keir
83%
1895 - 1902 Robert
78%
1886 - 1892 Robert
78%
1885 - 1886 Robert
78%
1841 - 1846 Robert
78%
1834 - 1835 Robert
78%
1812 - 1827 Robert
78%
1721 - 1742 Robert
78%
1874 - 1880 Benjamin
73%
1868 Benjamin
73%
1945 - 1951 Clement
71%
1974 - 1976 Harold
71%
1964 - 1970 Harold
71%
1908 - 1916 Henry
71%
1905 - 1908 Henry
71%
1859 - 1865 Henry
71%
1855 - 1858 Henry
71%
1835 - 1841 Henry
71%
1834 Henry
71%
1801 - 1804 Henry
71%
1743 - 1754 Henry
71%
1957 - 1963 (Maurice) Harold
71%
1963 - 1964 Alexander
66%
1902 - 1905 Arthur
66%
1834 Arthur
66%
1828 - 1830 Arthur
66%
1852 - 1855 George
66%
1827 George
66%
1763 - 1765 George
66%
1830 - 1834 Charles
56%
1782 Charles
56%
1765 - 1766 Charles
56%
1757 - 1762 Thomas
54%
1754 - 1756 Thomas
54%
1922 - 1923 Andrew
46%
1935 - 1937 Stanley
41%
1924 - 1929 Stanley
41%
1923 - 1924 Stanley
41%
1809 - 1812 Spencer
39%
1742 - 1743 Spencer
39%
1827 - 1828 Frederick
29%
1770 - 1782 Frederick
29%
1768 - 1770 Augustus
10%
1894 - 1895 Archibald
7%
No matching quizzes found
Score Distribution
Percent of People with Each Score
Percentile by Number Answered
Your Score History
You have not taken this quiz